| 000 | 00676nam a2200229Ia 4500 | ||
|---|---|---|---|
| 003 | BUBTL | ||
| 008 | 151213s9999 xx 000 0 und d | ||
| 020 | _a0135944252 | ||
| 082 | _a658.152/ Sch287m/ 1989 | ||
| 100 |
_aScherr, Frederick C. _94416 |
||
| 245 |
_aModern Working Capital Management : Text & Cases / _cFrederick C. Scherr |
||
| 250 | _a1st | ||
| 260 |
_aLondon _bPrentice Hall _cc1989 |
||
| 300 |
_ax, 496p. : _bill. chart, graph ; 21 cm. |
||
| 500 | _aIncludes index. | ||
| 650 | _aManagement | ||
| 650 |
_aManagement _94417 |
||
| 700 |
_aFredrick C. Scherr, _94418 |
||
| 856 |
_k0 _l0 _yDownload |
||
| 942 |
_2ddc _cBK |
||
| 999 |
_c4809 _d4809 |
||